000 004260000a22001690004500
003 MACL
005 20160112152534.0
008 160112b xxu||||| |||| 00| 0 eng d
040 _aMACL
_cMACL
041 _aEnglish
082 _a923.1/GRE
100 _aGrew, Marion Sharpe
_931460
245 _aThe Court of William 3
260 _bMills & Boon Limited
_aLondon
650 _aBiography
_931461
942 _cBK
_k923.1/GRE
_2ddc
999 _c37521
_d37521